Spell the Marvel Hero #50 - Statistics

General Stats
  • This quiz has been taken 26 times
  • The average score is 8 of 10
Answer Stats
Picture Answer % Correct
Ant-Man
100%
Punisher
100%
Invisible Woman
96%
Nightcrawler
96%
Rogue
91%
Echo
83%
Silk
83%
Spider-Man
78%
Domino
70%
Meggan
35%
No matching quizzes found
Score Distribution
Percent of People with Each Score
Percentile by Number Answered
Your Score History
You have not taken this quiz